000 00724nam a2200241 a 4500
001 442359
003 ARRUPE
005 20160830145452.0
008 820813s1980 ke a b f000 0 eng
010 _a 81980738
040 _aDLC
_cDLC
_dDLC
043 _af-ke---
050 0 0 _aML544
_b.K34
082 0 0 _a781.91/09676/2
_219
100 1 _aKavyu, Paul N.
_925568
245 1 0 _aTraditional musical instruments of Kenya /
_cP.N. Kavyu.
260 _aNairobi :
_bKenya Literature Bureau,
_c1980.
300 _a53 p.;
_bill. ;
_c22 cm.
504 _aIncludes bibliographical references.
650 0 _aMusical instruments
_zKenya.
_923498
906 _a7
_bcbc
_corignew
_d3
_encip
_f19
_gy-gencatlg
942 _2lcc
_cMONOGRAPH
999 _c125168
_d125168